1354 1440 1587 1416 1061 1330 1194 1533 1111 1018 1243 1331 1376 1841 1877 1942 1251 1070 1850 1185 1923 1191 1115 1997 1288 1527 1942 1769 1391 1837 1173 1499 1159 1263 1056 1920 1965 1095 1836 1305 1107 1656 1690 1367 1032 1349 1983 1631 1417 1151 1342 1452 1182 1385 1640 1142 1522 1798 1222 1293 1368 1461 1490 1494 1985 1381 1716 1632 1381 1917 1707 1770 1857 1441 1731 1333 1377 1451 1886 1776 1590 1196 1991 1204 1846 1394 1180 1783 1730 1114 1959 1561 1242 1203 1957 1998 1135 1852 1022 BCNSPRNW ULIB Ver.6.0+V

เปลี่ยนเป็นภาษาไทย

Change to English
 แสดงรายละเอียดบรรณานุกรม
  กลับหน้าหลัก

Brief Record : Get Marc (ISO 2709) : E-mail record : QR code < ปิดหน้าต่าง
LEADER : 00000nam 2200000uu 4500
001    13399124806
003     ULIB
008    020711s2016 th a 000 0 eng d
020    ^a9781451192551
060    ^aWY160^bG381p
100    ^aGersch, Carolyn, Heimgarner, Nicole M., Rebar, Cherie R. & Willis, Laura M.
245    ^aPsychiatric nursing made incredibly easy
250    ^a2nd ed
260    ^aPhiladephia :^bWolters Kluwer,^c2016
300    ^a534 pages;^b23 cm cm
650    ^aPsychiatric Nursing.
945    ^p1750^l0^i000356
999    ^aประนอม เกษจรัล
รายการนี้ยังไม่มีแท็ก
คุณยังไม่ได้ล็อกอิน คุณสามารถมีกิจกรรมร่วมกับเว็บไซต์ได้ แต่ต้องล็อกอินก่อน ::
  ล็อกอิน

รายการสื่อสารสนเทศ

ลำดับที่ ประเภท เลขเรียก/บาร์โค้ด สถานที่ สถานะ
1. Book การพยาบาล
Book การพยาบาล
WY160 G381p ฉ.1 
  Barcode: 000356
ห้องสมุดวิทยาเขตสวรรค์ประชารักษ์
►หนังสือทั่วไป
ถูกยืม กำหนดส่งวันที่ 1 มีนาคม 2569
  จอง

รายการใกล้เคียง
    หัวเรื่อง [Psychiatric Nursing.]

BibComment


ยังไม่เคยถูกคอมเมนท์

คอมเมนท์ทรัพยากรรายการนี้
  คอมเมนท์: Psychiatric nurs..


 Copyright 2026. Bcnsprnw @Library